Catálogo - Centro de Recursos para el Aprendizaje y la Investigación

Volver al Sitio - CRAI Biblioteca
Vista normal Vista MARC
  • Schéker Ortiz, Luis A.,

Entrada Nombre personal

Número de registros utilizados en: 13

001 - NÚMERO DE CONTROL

  • campo de control: 195440

003 - IDENTIFICADOR DEL NÚMERO DE CONTROL

  • campo de control: DR-UNIBE

005 - FECHA Y HORA DE LA ÚLTIMA TRANSACCIÓN

  • campo de control: 20250515111758.0

008 - DATOS DE LONGITUD FIJA

  • campo de control de longitud fija: 250515|| aca||aabn | a|a d

040 ## - FUENTE DE LA CATALOGACIÓN

  • Centro catalogador/agencia de origen: DR-UNIBE
  • Centro/agencia transcriptor: DR-UNIBE

100 ## - ENCABEZAMIENTO-NOMBRE DE PERSONA

  • Nombre de persona: Schéker Ortiz, Luis A.,
  • Fechas asociadas al nombre: 1939-

670 ## - FUENTE DE DATOS ENCONTRADOS

  • Cita de la fuente: Work cat.: (DR-UNIBE)4044: Gómez, Wilson 38543 autor, Ética del profesional del derecho / , 2002